ბათუმის შოთა რუსთაველის სახელმწიფო უნივერსიტეტის ბიბლიოთეკა

Geopolitics : (ბიბ.ჩანაწერი № 58345)

000 -LEADER
fixed length control field 00578cam a2200193 i 4500
001 - CONTROL NUMBER
control field 18241435
005 - DATE AND TIME OF LATEST TRANSACTION
control field 20221111113916.0
008 - FIXED-LENGTH DATA ELEMENTS--GENERAL INFORMATION
fixed length control field 140725s2015 mdu b 001 0 eng
020 ## - INTERNATIONAL STANDARD BOOK NUMBER
International Standard Book Number 9781442223509x
041 ## - LANGUAGE CODE
Language code of text/sound track or separate title eng
080 ## - UNIVERSAL DECIMAL CLASSIFICATION NUMBER
Universal Decimal Classification number 327.1 C-68
100 1# - MAIN ENTRY--PERSONAL NAME
Personal name Cohen, Saul Bernard.
9 (RLIN) 12938
245 10 - TITLE STATEMENT
Title Geopolitics :
Remainder of title the geography of international relations /
Statement of responsibility, etc. Saul Bernard Cohen.
250 ## - EDITION STATEMENT
Edition statement Third edition.
264 #1 - PRODUCTION, PUBLICATION, DISTRIBUTION, MANUFACTURE, AND COPYRIGHT NOTICE
Place of production, publication, distribution, manufacture Lanham :
Name of producer, publisher, distributor, manufacturer Rowman & Littlefield,
Date of production, publication, distribution, manufacture, or copyright notice [2015].
300 ## - PHYSICAL DESCRIPTION
Extent xii, 491 pages ;
Dimensions 26 cm.
653 ## - INDEX TERM--UNCONTROLLED
keyword გეოპოლიტიკა
942 ## - ADDED ENTRY ELEMENTS (KOHA)
Source of classification or shelving scheme
Koha item type წიგნი
ეგზემპლარები
Withdrawn status Lost status Source of classification or shelving scheme Damaged status Not for loan Permanent Location Current Location Shelving location Date acquired Cost, normal purchase price Full call number Barcode Date last seen Copy number Price effective from Koha item type Public note
          ბათუმის შოთა რუსთაველის სახელმწიფო უნივერსიტეტის მთავარი ბიბლიოთეკა ბათუმის შოთა რუსთაველის სახელმწიფო უნივერსიტეტის მთავარი ბიბლიოთეკა წიგნსაცავი 2021-11-17 133.00 327.1 C-68 55436 2021-11-17 55436 2021-11-17 წიგნი 133.00 GEL.